Catálogo
 En Linea

Las mujeres de Mahoma : (Registro nro. 25437)

Detalles MARC
000 -CABECERA
campo de control de longitud fija 00531nam a2200193 a 4500
001 - NÚMERO DE CONTROL
campo de control 000025945
005 - FECHA Y HORA DE LA ÚLTIMA TRANSACCIÓN
campo de control 20200930024155.0
008 - DATOS DE LONGITUD FIJA--INFORMACIÓN GENERAL
campo de control de longitud fija 110224s1992 sp r 000 0 spa d
020 ## - NÚMERO INTERNACIONAL ESTÁNDAR DEL LIBRO
Número Internacional Estándar del Libro 8460438953
040 ## - FUENTE DE LA CATALOGACIÓN
Centro catalogador/agencia de origen DO-SdBNP
Lengua de catalogación spa
Centro/agencia transcriptor BNPHU
082 ## - NÚMERO DE LA CLASIFICACIÓN DECIMAL DEWEY
Número de clasificación NNN
Número de documento/Ítem E85m
049 ## - FONDOS LOCALES (OCLC)
Fondos de biblioteca BNGR
100 1# - ENTRADA PRINCIPAL--NOMBRE DE PERSONA
Nombre de persona Etxeba, Carlos,
Fechas asociadas al nombre 1929-
9 (RLIN) 41618
245 10 - MENCIÓN DE TÍTULO
Título Las mujeres de Mahoma :
Resto del título comedia /
Mención de responsabilidad, etc. Carlos Etxeba.
260 ## - PUBLICACIÓN, DISTRIBUCIÓN, ETC.
Lugar de publicación, distribución, etc. Bilbao :
Nombre del editor, distribuidor, etc. Publicaciones Edertasuna,
Fecha de publicación, distribución, etc. [1992?].
300 ## - DESCRIPCIÓN FÍSICA
Extensión 63 p. ;
Dimensiones 21 cm.
490 1# - MENCIÓN DE SERIE
Mención de serie Poesía
830 #0 - PUNTO DE ACCESO ADICIONAL DE SERIE-TÍTULO UNIFORME
Título uniforme Poesía
9 (RLIN) 1183

No hay ítems disponibles.

Con tecnología Koha